Statistics for Highest run scorers in an ODI cricket innings

Click here to take the quiz!

General Stats

  • This quiz has been taken 66 times
  • The average score is 11 of 15

Answer Stats

HintAnswer% Correct
186* / India vs New ZealandSachin Tendulkar
98%
200* / India vs South AfricaSachin Tendulkar
98%
215 / West Indies vs ZimbabweChris Gayle
92%
219 / India vs West IndiesVirender Sehwag
89%
264 / India vs Sri LankaRohit Sharma
87%
209 / India vs AustraliaRohit Sharma
87%
237* / New Zealand vs West IndiesMartin Guptill
79%
189* / New Zealand vs EnglandMartin Guptill
79%
183* / India vs Sri LankaMahendra-Singh Dhoni
65%
189 / Sri Lanka vs IndiaSanath Jayasuriya
62%
194 / Pakistan vs IndiaSaeed Anwar
56%
189* / West Indies vs EnglandVivian Richards
56%
194* / Zimbabwe vs BangladeshCharles Coventry
44%
188* / South Africa vs UAEGary Kirsten
43%
185* / Australia vs BangladeshShane Watson
40%

Score Distribution

Percentile by Number Answered

Percent of People with Each Score

Your Score History

You have not taken this quiz